000 00763nam a2200277 a 4500
003 AR-BaBNM
005 20251128205729.0
008 082120s2002 ||||||||||||||000 | spa||
020 _a84-7738-073-2
040 _cAR-BaBNM
100 1 _aGutiérrez Ordóñez, Salvador
245 0 0 _aIntroducción a la semántica funcional
260 _aMadrid
_bSíntesis
_c1996
300 _a168 p.
_bgráfs.
490 0 _aLingüística
_vv. 20
500 _aContiene referencias bibliográficas en p. 159
650 4 _aLINGÜISTICA
650 4 _aTEORIA LINGÜISTICA
650 4 _aSEMIOLOGIA
650 4 _aSEMANTICA
650 4 _aGRAMATICA
650 4 _aANALISIS LINGÜISTICO
800 1 _aMarín, Francisco Marcos
_edirector
942 _cBK
998 _cMARTIN
999 _c12594
_d12594